| 000 | 01374nam a2200349 a 4500 | ||
|---|---|---|---|
| 001 | 000115380 | ||
| 003 | CHAP | ||
| 005 | 20220329144531.0 | ||
| 008 | 190516s2018 mx a sm |||||||spa d | ||
| 010 | _a111841 | ||
| 011 | _a112813 | ||
| 040 | _cCHAP | ||
| 090 | _aTesis | ||
| 100 | 1 |
_aGarcía Vázquez, Rafael. _9135644 |
|
| 245 | 1 | 0 |
_aEstrategias locales de diversificación agroalimentarias en Filomeno Mata, Veracruz dentro del contexto de la globalización de los procesos agroalimentarios / _h[En línea] _cpor Rafael García Vázquez. |
| 260 |
_aChapingo, Méx. : _bEl autor, _c2018. |
||
| 500 | _aPara ver el contenido del material haga clic en la liga | ||
| 502 | _aTesis (Lic. en Redes Agroalimentarias) -- UACH. Dirección GEneral de Centros Regionales Universitarios | ||
| 590 |
_aBATCH-UPD _b05 _c20190517 _lUCH01 _h1020 |
||
| 590 |
_aE11695DGD _b10 _c20190517 _lUCH01 _h1052 |
||
| 590 |
_aE8697GMM _b05 _c20190516 _lUCH01 _h1223 |
||
| 590 |
_aE8697GMM _b05 _c20190516 _lUCH01 _h1225 |
||
| 590 |
_aE8697GMM _b05 _c20190517 _lUCH01 _h1019 |
||
| 650 | 1 | 4 |
_aAlimentos _xAbastecimiento _xVeracruz. _94146 |
| 650 | 1 | 4 |
_aDesnutrición. _932165 |
| 650 | 1 | 4 |
_aNutrición _zVeracruz. _9135646 |
| 650 | 1 | 4 |
_aPobreza rural _zVeracruz. _9135645 |
| 856 |
_aFinding aid _uhttp://10.13.5.2/tesis/sist115380.pdf _zTeclea aquí |
||
| 901 | _aBK | ||
| 942 | _cTESIS | ||
| 942 | _n0 | ||
| 999 |
_c111841 _d111841 |
||